00676 2200241 4500001002100000005001500021035002000036008004100056245008700097100002300184260003200207300003200239020002200271084001400293082000800307650002400315500001100339700001800350504003000368990001400398990001100412990001100423INLIS00000000001177220220615012841 a0010-0622000282220615 g 0 ind 1 aSoedirman :bBiografi Singkat 1916-1950 /cTaufik Adi Susilo; editor, Meita Sandra aTAUFIK, Adi Susilo aYogyakarta :bGarasi,c2020 a126 hlm. :bilus. ;c20 cm. a978-623-7219-56-9 a920 TAU s a920 4aBIOGRAFI. SOEDIRMAN aIndeks0 aMEITA, Sandra aBibliografi : hal.119-122 a7659/2021 a7659 a a7659 b